000 00587nam a2200193Ia 4500
008 151121s9999||||xx |||||||||||||| ||und||
082 _a910/कणेक
082 _bHNW-70076
100 _aकणेकर शिरीष
245 _aते साठ दिवस
260 _b"पुष्प प्रकाशन, पुणे।"
260 _c--
300 _a113
600 _aकणेकर शिरीष
630 _aते साठ दिवस
700 _aकणेकर शिरीष
730 _aते साठ दिवस
942 _cBOOK
999 _c1251551
_d1251548